Propaganda in media war between ARY and GEO / (Record no. 331596)
[ view plain ]
| 000 -LEADER | |
|---|---|
| fixed length control field | 00534nam a22001817a 4500 |
| 003 - CONTROL NUMBER IDENTIFIER | |
| control field | NUST |
| 005 - DATE AND TIME OF LATEST TRANSACTION | |
| control field | 20250618155410.0 |
| 008 - FIXED-LENGTH DATA ELEMENTS--GENERAL INFORMATION | |
| fixed length control field | 171005b xxu||||| |||| 00| 0 eng d |
| 040 ## - CATALOGING SOURCE | |
| Transcribing agency | NUST |
| 082 ## - DEWEY DECIMAL CLASSIFICATION NUMBER | |
| Classification number | 200 |
| 100 ## - MAIN ENTRY--PERSONAL NAME | |
| Personal name | Waqar,Saira |
| 9 (RLIN) | 5267 |
| 245 ## - TITLE STATEMENT | |
| Title | Propaganda in media war between ARY and GEO / |
| Statement of responsibility, etc. | Saira Waqar, |
| 260 ## - PUBLICATION, DISTRIBUTION, ETC. | |
| Place of publication, distribution, etc. | Islamabad |
| Date of publication, distribution, etc. | 2016 |
| Name of publisher, distributor, etc. | S3H NUST. |
| 600 ## - SUBJECT ADDED ENTRY--PERSONAL NAME | |
| General subdivision | MS-Mass Communication |
| 9 (RLIN) | 127937 |
| 700 ## - ADDED ENTRY--PERSONAL NAME | |
| Relator code | Supervisor: Dr. Najma Sadiq |
| 856 ## - ELECTRONIC LOCATION AND ACCESS | |
| Uniform Resource Identifier | <a href="http://10.250.8.41:8080/xmlui/handle/123456789/26583">http://10.250.8.41:8080/xmlui/handle/123456789/26583</a> |
| 942 ## - ADDED ENTRY ELEMENTS (KOHA) | |
| Source of classification or shelving scheme | |
| Koha item type | Soft Copy |
| Withdrawn status | Lost status | Source of classification or shelving scheme | Damaged status | Not for loan | Permanent Location | Current Location | Shelving location | Date acquired | Full call number | Barcode | Date last seen | Price effective from | Koha item type |
|---|---|---|---|---|---|---|---|---|---|---|---|---|---|
| Central Library (CL) | Central Library (CL) | Thesis | 02/19/2020 | 200 | CL-T-5164 | 02/19/2020 | 02/19/2020 | Soft Copy |
